Ezov ba-even : (Record no. 31949)

MARC details
000 -LEADER
fixed length control field 00522cam a22002051 4500
001 - CONTROL NUMBER
control field he 66001637
003 - CONTROL NUMBER IDENTIFIER
control field DLC
005 - DATE AND TIME OF LATEST TRANSACTION
control field 20260227111441.0
008 - FIXED-LENGTH DATA ELEMENTS--GENERAL INFORMATION
fixed length control field 831110s1966 is 000 0 heb
010 ## - LIBRARY OF CONGRESS CONTROL NUMBER
LC control number he 66001637
035 ## - SYSTEM CONTROL NUMBER
System control number (OCoLC)19137688
040 ## - CATALOGING SOURCE
Original cataloging agency DLC
Transcribing agency MH
Modifying agency CU
-- DLC
042 ## - AUTHENTICATION CODE
Authentication code premarc
050 00 - LIBRARY OF CONGRESS CALL NUMBER
Classification number PJ5053.C46
Item number E9
100 1# - MAIN ENTRY--PERSONAL NAME
Personal name Chomsky, Dov,
Dates associated with a name 1913-1976.
245 10 - TITLE STATEMENT
Title Ezov ba-even :
Remainder of title shirim.
260 ## - PUBLICATION, DISTRIBUTION, ETC.
Place of publication, distribution, etc. Ramat Gan :
Name of publisher, distributor, etc. Masadah,
Date of publication, distribution, etc. [1966]
300 ## - PHYSICAL DESCRIPTION
Extent 254 p. ;
Dimensions 21 cm.
752 ## - ADDED ENTRY--HIERARCHICAL PLACE NAME
Country or larger entity Israel
City Ramat Gan

No items available.

Powered by Koha